000 00739nas a2200253 4500
001 BR8807703
003 BR-BrBNA
005 20231205091424.0
007 ta
008 230509b bl.|||p| |||| 00| 00por d
040 _aBR-BrBNA
_bpor
_cBiblioteca Nacional de Agricultura
041 _a(Pt)
072 _aQ04; F60
100 1 _aGodoy, M.R.P.G.
100 1 _aPiza Junior, C. de T.
245 1 _aCereja-das-Antilhas, fonte natural de vitamina C
650 _aACEROLA
650 _aVITAMINA C
650 _aPRATICA CULTURAL
650 _aVALOR NUTRITIVO
773 0 _tCasa da Agricultura (Brazil)
_xISSN 0100-6541
_g(Mar-Apr 1986), v. 8(2) p. 19-21
_wBR8807703
909 _a202311
_bLúcia
_c55
_dLúcia Elande
942 _2AGRIS
_n0
_cANA
999 _c124971
_d124971